Nâng cao và phát triển vật lí 12

Sách cung cấp cho học sinh khá và giỏi vật lí lớp 12 những kiến thức mở rộng và nâng cao so với chương trình và sách giáo khoa vật lí của lớp này.

Đã lưu trong:
书目详细资料
主要作者: Tô, Giang
格式: 图书
语言:Undetermined
出版: Hà Nội Giáo dục Việt Nam 2011
主题:
标签: 添加标签
没有标签, 成为第一个标记此记录!
Thư viện lưu trữ: Trung tâm Học liệu Trường Đại học Cần Thơ
LEADER 00858nam a2200217Ia 4500
001 CTU_185231
008 210402s9999 xx 000 0 und d
020 |c 34000 
082 |a 530.0712 
082 |b Gi106 
100 |a Tô, Giang 
245 0 |a Nâng cao và phát triển vật lí 12 
245 0 |c Tô Giang chủ biên 
260 |a Hà Nội 
260 |b Giáo dục Việt Nam 
260 |c 2011 
520 |a Sách cung cấp cho học sinh khá và giỏi vật lí lớp 12 những kiến thức mở rộng và nâng cao so với chương trình và sách giáo khoa vật lí của lớp này. 
650 |a Physics,Vật lý 
650 |x Study and teaching (Secondary),Dạy và học (trung học) 
904 |i Hải 
980 |a Trung tâm Học liệu Trường Đại học Cần Thơ